[Event "GER-chT School WK GS"]
[Site "Playchess.com INT"]
[Date "2020.06.18"]
[Round "7.1"]
[White "Oramus, Max"]
[Black "Foeing, Sebastian"]
[Result "1-0"]
[WhiteElo "1412"]
[BlackElo "1537"]
[PlyCount "115"]
[EventDate "2020.06.11"]
[EventType "team-swiss (blitz)"]
[EventRounds "7"]
[EventCountry "GER"]
[SourceTitle "EXT 2021"]
[Source "ChessBase"]
[SourceDate "2020.10.23"]
[SourceVersion "1"]
[SourceVersionDate "2020.10.23"]
[SourceQuality "1"]
[WhiteTeam "Frankfurt Oder"]
[BlackTeam "Raesfeld NW"]
[WhiteTeamCountry "GER"]
[BlackTeamCountry "GER"]

1. e4 e5 2. Nf3 Nc6 3. Bc4 Nf6 4. 0-0 d5 5. exd5 Nxd5 6. Nc3 Be6 7. d3 Bc5 8. Bg5 f6 9. Bh4 Nxc3 10. bxc3 Ba3 11. Bxe6 g5 12. Bg3 h5 13. h3 h4 14. Bh2 Qd6 15. Bc4 Qd7 16. Rb1 g4 17. Ne1 gxh3 18. Rb3 Be7 19. Qe2 hxg2 20. Nxg2 Rg8 21. Kh1 Qh3 22. Rg1 Bd6 23. Qh5+ Kd7 24. Qf7+ Ne7 25. Bb5+ c6 26. Bc4 e4 27. Rxb7+ Kc8 28. Be6+ Kxb7 29. Bxh3 Bxh2 30. Kxh2 Kb6 31. Nxh4 Rxg1 32. Kxg1 Nd5 33. dxe4 Nxc3 34. Qb3+ Nb5 35. a4 Rh8 36. axb5 Rxh4 37. Qg3 Rxe4 38. Qf3 Re1+ 39. Kg2 Re8 40. Qxf6 Rg8+ 41. Kh2 Kxb5 42. Qf7 Ra8 43. Qb7+ Kc5 44. Qxa8 Kc4 45. Qxa7 Kc3 46. Qc7 Kxc2 47. Qxc6+ Kd3 48. Qe8 Kd2 49. f4 Kd3 50. f5 Kc3 51. f6 Kb2 52. f7 Ka1 53. f8Q Kb2 54. Qg7+ Ka2 55. Qgd7 Ka1 56. Qec8 Ka2 57. Qdb7 Ka1 58. Qca8# 1-0

[Event "GER-chT School WK GS"]
[Site "Playchess.com INT"]
[Date "2020.06.18"]
[Round "6.1"]
[White "Oramus, Max"]
[Black "Grundmann, Max"]
[Result "1-0"]
[WhiteElo "1412"]
[BlackElo "1748"]
[PlyCount "153"]
[EventDate "2020.06.11"]
[EventType "team-swiss (blitz)"]
[EventRounds "7"]
[EventCountry "GER"]
[SourceTitle "EXT 2021"]
[Source "ChessBase"]
[SourceDate "2020.10.23"]
[SourceVersion "1"]
[SourceVersionDate "2020.10.23"]
[SourceQuality "1"]
[WhiteTeam "Frankfurt Oder"]
[BlackTeam "Lichtenhagen MV"]
[WhiteTeamCountry "GER"]
[BlackTeamCountry "GER"]

1. e4 e5 2. Nf3 Nc6 3. Bc4 Bc5 4. 0-0 h6 5. c3 Nf6 6. d4 Bb6 7. dxe5 Nxe4 8. Qd5 0-0 9. Qxe4 d6 10. Bd3 g6 11. h3 dxe5 12. Bc2 Bf5 13. Qe2 Be6 14. Rd1 Qf6 15. Bxh6 Rfd8 16. Bg5 Rxd1+ 17. Qxd1 Qg7 18. Na3 f6 19. Bh4 g5 20. Bg3 g4 21. hxg4 Qxg4 22. Qd3 f5 23. Nh2 Qg5 24. Nb5 e4 25. Qe2 f4 26. Nxc7 Bxc7 27. Qxe4 fxg3 28. Qxe6+ Kf8 29. fxg3 Bxg3 30. Rf1+ Kg7 31. Rf7+ Kh8 32. Nf3 Qc1+ 33. Ne1 Qxe1+ 34. Qxe1 Bxe1 35. Rh7+ Kg8 36. Kf1 Bg3 37. Ke2 Re8+ 38. Kf3 Bd6 39. Kg4 Re6 40. Bf5 Re5 41. Kg5 Re7 42. Rh6 Rg7+ 43. Kf6 Be7+ 44. Ke6 Bg5 45. Rh5 Nd8+ 46. Ke5 Nf7+ 47. Kd5 Bc1 48. Be6 Bxb2 49. c4 Rxg2 50. Rf5 Rd2+ 51. Kc5 Ba3+ 52. Kb5 Rb2+ 53. Ka4 Be7 54. Rxf7 Bf8 55. Rf2+ Kg7 56. Rxb2 a6 57. Rxb7+ Kf6 58. Bd5 Bc5 59. Ka5 Ke5 60. Kxa6 Bf2 61. Kb5 Kd6 62. a4 Bd4 63. a5 Bc5 64. a6 Bd4 65. a7 Bxa7 66. Rxa7 Ke5 67. Rd7 Kd4 68. c5 Kc3 69. c6 Kd4 70. c7 Ke5 71. c8Q Kd4 72. Bf7+ Ke4 73. Qe8+ Kf5 74. Ba2 Kf6 75. Rf7+ Kg6 76. Qg8+ Kh6 77. Rh7# 1-0

[Event "GER-chT School WK GS"]
[Site "Playchess.com INT"]
[Date "2020.06.11"]
[Round "2.1"]
[White "Oramus, Max"]
[Black "Jumah, Shayan"]
[Result "0-1"]
[WhiteElo "1412"]
[BlackElo "1742"]
[PlyCount "90"]
[EventDate "2020.06.11"]
[EventType "team-swiss (blitz)"]
[EventRounds "7"]
[EventCountry "GER"]
[SourceTitle "EXT 2021"]
[Source "ChessBase"]
[SourceDate "2020.10.23"]
[SourceVersion "1"]
[SourceVersionDate "2020.10.23"]
[SourceQuality "1"]
[WhiteTeam "Frankfurt Oder"]
[BlackTeam "Trier Tarf RP"]
[WhiteTeamCountry "GER"]
[BlackTeamCountry "GER"]

1. e4 e6 2. d4 d5 3. e5 c5 4. c3 Nc6 5. Nf3 Qb6 6. Be3 Qxb2 7. Qd2 Qxa1 8. Qc1 Qxa2 9. Be2 cxd4 10. cxd4 Bd7 11. Kf1 Qa4 12. Nc3 Qb4 13. Bd2 Nxd4 14. Nxd5 Nxe2 15. Bxb4 Nxc1 16. Nc7+ Kd8 17. Nxa8 Bxb4 18. g3 b6 19. Kg1 Bc6 20. Kg2 Bxa8 21. Rxc1 Ne7 22. Rd1+ Ke8 23. Rb1 Bxf3+ 24. Kxf3 Bc5 25. Ra1 a5 26. Ke2 Kd7 27. f4 Ra8 28. Rd1+ Nd5 29. Kd3 b5 30. Kc2 a4 31. Kb2 a3+ 32. Ka2 b4 33. h4 Rb8 34. Rb1 Kc6 35. Kb3 Ra8 36. Ka2 h5 37. Rc1 Nc3+ 38. Ka1 a2 39. Rc2 Kb5 40. f5 b3 41. Rb2 Kb4 42. fxe6 fxe6 43. Rg2 Bd4 44. Rb2 Nd1 45. g4 Bxb2# 0-1